Statistics for All IWA Gauntlet Match Participants

Click here to take the quiz!

General Stats

  • This quiz has been taken 5 times
  • The average score is 22 of 32

Answer Stats

HintAnswer% Correct
Summerslam S02 (Winner)Angel Alexander
100%
Survivor Series S02Angel Alexander
100%
Survivor Series S02 (Winner)Arrow
100%
Summerslam S02 (Winner)Brett Storm
100%
Survivor Series S02Brett Storm
100%
Survivor Series S02 (Winner)DoggyDog
100%
Summerslam S02DoggyDog
100%
Survivor Series S02 (Winner)Flamer
100%
Summerslam S01 (Winner)Flamer
100%
Summerslam S01 (Winner)Mahadi Khan
100%
Summerslam S02 (Winner)Mahadi Khan
100%
Survivor Series S02Mahadi Khan
100%
Survivor Series S02 (Winner)Max Mercury
100%
Summerslam S02Max Mercury
100%
Summerslam S01Connor
50%
Survivor Series S02 (Winner)Francaios
50%
Summerslam S02Francaios
50%
Summerslam S01Kev Deisal
50%
Survivor Series S02Matteo
50%
Summerslam S02 (Winner)Matteo
50%
Summerslam S02 (Winner)Mohammad Khan
50%
Survivor Series S02Mohammad Khan
50%
Summerslam S01Reggie Killer
50%
Summerslam S02Roacher
50%
Survivor Series S02 (Winner)Roacher
50%
Summerslam S01Scott Razor
50%
Survivor Series S02Sean Avery
50%
Summerslam S01Seth Turner
50%
Summerslam S01Undershock
50%
Summerslam S01Alex Silver
0%
Summerslam S02Demon Spyke
0%
Summerslam S01Jason Silver
0%

Score Distribution

Percentile by Number Answered

Percent of People with Each Score

Your Score History

You have not taken this quiz